Writing the wrongs, international benchmarks on adult literacy: (Record no. 4481)

MARC details
000 -LEADER
fixed length control field 00777nam a2200169 4500
008 - FIXED-LENGTH DATA ELEMENTS--GENERAL INFORMATION
fixed length control field 231215b |||||||| |||| 00| 0 eng d
082 ## - DEWEY DECIMAL CLASSIFICATION NUMBER
Classification number 374.012
Item number GLO
942 ## - ADDED ENTRY ELEMENTS (KOHA)
Item Type Reports
700 ## - ADDED ENTRY--PERSONAL NAME
Personal name Archer, David
Relator Term compiler
245 ## - TITLE STATEMENT
Title Writing the wrongs, international benchmarks on adult literacy:
Sub Title Based on research funded by the Education for All Global Monitoring Report 2006 & UNESCO November 2005
260 ## - PUBLICATION, DISTRIBUTION, ETC. (IMPRINT)
Place of Publication [London],:
Name of Publisher [ActionAid],
Date of Copyright 2005
260 ## - PUBLICATION, DISTRIBUTION, ETC. (IMPRINT)
Place of Publication [Johannesburg]:
Name of Publisher [Global Campaign for Education],
Date of Copyright [2005]
300 ## - PHYSICAL DESCRIPTION
Extent 79 p. : color ill. ; 30 cm
856 ## - ELECTRONIC LOCATION AND ACCESS
Uniform Resource Identifier <a href="https://www.right-to-education.org/sites/right-to-education.org/files/resource-attachments/Archer_Writing_the_Wrongs_2005_En.pdf">https://www.right-to-education.org/sites/right-to-education.org/files/resource-attachments/Archer_Writing_the_Wrongs_2005_En.pdf</a>
650 ## - SUBJECT ADDED ENTRY--TOPICAL TERM
Topical Term Elementary education of adults
650 ## - SUBJECT ADDED ENTRY--TOPICAL TERM
Topical Term Literacy programs- Africa
Holdings
Withdrawn status Lost status Source of classification or shelving scheme Damaged status Not for loan Permanent location Current location Date acquired Total Checkouts Full call number Barcode Date last seen Price effective from Koha item type
    Dewey Decimal Classification     Resource center, Muslim Women's Research And Action Forum Resource center, Muslim Women's Research And Action Forum 2023-12-15   374.012 GLO RAF4558 2023-12-15 2023-12-15 Reports
    Dewey Decimal Classification     Resource center, Muslim Women's Research And Action Forum Resource center, Muslim Women's Research And Action Forum 2023-12-15   374.012 GLO RAF4559 2023-12-15 2023-12-15 Reports
    Dewey Decimal Classification     Resource center, Muslim Women's Research And Action Forum Resource center, Muslim Women's Research And Action Forum 2023-12-15   374.012 GLO RAF4560 2023-12-15 2023-12-15 Reports

Copyright © 2023 Muslim Women's Research and Action Forum (MWRAF), No 27/3, Anderson Road, Kalubowila, Dehiwela. Funded by The Asia Fundation